000 00585nam a22002057a 4500
003 OSt
005 20140310181803.0
008 130704t xxu||||| |||| 00| 0 eng d
020 _a0755435060
050 _aQP 37
_b.B871 2004
082 _aREF 612
_bF519 2004
245 _aHuman body: a visual guide to human anatomy./
260 _aUnited Kingdom :
_bGrandreams Books,
_cc 2004.
300 _a45 p. ;
_bill. col. ;
_c29 cm. :
520 _a1. Human body--Juvenile literature.
521 _aBasic ed. students
541 _j1
562 _e1
942 _2lcc
_cBK-GR
_kREF
999 _c3723
_d3723